000 00520nam a2200193Ia 4500
005 20250326141946.0
008 250326s9999 xx 000 0 und d
020 _a0-333-94831-9
037 _aTextbook
040 _aFMSL
_beng
_cFMSL
041 _aeng
_2eng
084 _aX:8y7 P1
_qFMSL
100 _aBahra N
_9745349
245 0 _aCompetitive knowledge management
_cBahra N
260 _aNew York
_bNew York, Palgrave
_c2001
300 _a244p
942 _cTB
_hX:8y7 P1
999 _c1292794
_d1292794